Os jogadores que marcaram 3 ou mais gols na Copa do Mundo FIFA 2018 - Statistics

Estatísticas Gerais
  • Esse quiz foi jogado 106 vezes
  • A pontuação média é 6 de 13
Estatísticas das Respostas
Gols Jogador % Correto
Kylian Mbappé
96%
Cristiano Ronaldo
85%
6 Harry Kane
84%
4 Romelu Lukaku
67%
Antoine Griezmann
56%
3 Eden Hazard
49%
Mario Mandžukić
44%
Ivan Perišić
39%
Edinson Cavani
35%
Denis Cheryshev
24%
Diego Costa
20%
Yerry Mina
13%
Artem Dzyuba
10%
Nenhum quiz correspondente encontrado
Distribuição das Pontuações
Porcentagem de Pessoas com Cada Pontuação
Percentil de Números Respondidos
Sua Pontuação Histórica
Você não jogou esse quiz